01376nab a22002657a 4500999001500000003000400015005001700019008004100036040000700077100003700084245013900121260007200260300001200332500003700344505030800381505008900689650002600778650004200804650003000846650002800876650001800904650003600922773013900958942001301097 c5933d5933OSt20260114010928.0190605e xxu||||| |||| 00| 0 spa d cPJ 96785aRomero, Fernando Emmanuel 10aCrítica a la modificación del período de prueba por el Decreto de Necesidad y Urgencia N.º 70-2023 /cFernando Emmanuel Romero. aCiudad Autónoma de Buenos Aires :bThomson Reuters La Ley,c2024. ap. 9-18 aCita: TR LALEY AR/DOC/95/2024.  aSumario: I. Sumario.— II. Introducción.— III. El período de prueba.— IV. El plazo de tres [3] meses.— V. Incongruencia con el 245 LCT.— VI. Consideraciones acerca de la ampliación del plazo de período de prueba — VII. La discusión que subyace en la reforma.— VIII. Conclusión.  t¿Te interesa el texto completo? Solicitalo al correo: koha@justierradelfuego.gov.ar 091316aDERECHO LABORAL 09200aDECRETOS DE NECESIDAD Y URGENCIA 091323aCONTRATO DE TRABAJO 096786aPERIODO DE PRUEBA 091533aDESPIDO 091534aINDEMNIZACION POR DESPIDO0 0271193168dCiudad Autónoma de Buenos Aires : Thomson Reuters La Ley, 1999-2002.tRevista de derecho del trabajo. Nº 2 - Marzo 2024 2udccANA